000 00413pab a2200157 454500
008 180718b2010 xxu||||| |||| 00| 0 eng d
100 _aBala Subrahmanya, M.H.
245 _aThe dragon rules the world: can the tiger pose a challenge?
260 _c2010
300 _ap.21-24.
362 _a1 May
650 _aSmall scale industry
773 _aEconomic and Political Weekly
908 _aN
909 _a86667
999 _c86667
_d86667